LEADER 01450nam 2200385 450 001 9910702407303321 005 20140718090355.0 035 $a(CKB)5470000002428100 035 $a(OCoLC)883892498 035 $a(EXLCZ)995470000002428100 100 $a20140718d1934 ua 0 101 0 $aeng 135 $aurbn||||||||| 181 $ctxt$2rdacontent 182 $cc$2rdamedia 183 $acr$2rdacarrier 200 10$aCode of fair competition for the household ice refrigerator industry as approved on December 30, 1933 by President Roosevelt 210 1$aWashington :$cUnited States Government Printing Office,$d1934. 215 $a1 online resource (14 unnumbered pages) 300 $aTitle from title screen (viewed July 18, 2014). 300 $aAt head of title: National Recovery Administration. 300 $a"Registry No. 1328-1-01." 300 $a"Approved Code No. 183." 300 $aPublication pre-dates item numbers. No item number has been assigned. 517 3 $aHousehold ice refrigerator industry 606 $aRefrigerators$zUnited States$xEquipment and supplies 606 $aIce 615 0$aRefrigerators$xEquipment and supplies. 615 0$aIce. 801 0$bGPO 801 1$bGPO 906 $aBOOK 912 $a9910702407303321 996 $aCode of fair competition for the household ice refrigerator industry as approved on December 30, 1933 by President Roosevelt$93195935 997 $aUNINA LEADER 03558oas 2201261 a 450 001 9910146228003321 005 20260127110101.0 011 $a1552-4930 035 $a(DE-599)ZDB2180639-1 035 $a(OCoLC)52508910 035 $a(CONSER) 2004212585 035 $a(CKB)1000000000019783 035 $a(DE-599)2180639-1 035 $a(EXLCZ)991000000000019783 100 $a20030626a20039999 sy a 101 0 $aeng 135 $aurcnu|||||||| 181 $ctxt$2rdacontent 182 $cc$2rdamedia 183 $acr$2rdacarrier 200 10$aCytometry$hPart A 210 $a[Hoboken, N.J.] $cWiley-Liss$d2003- 215 $a1 online resource 300 $aRefereed/Peer-reviewed 300 $aTitle from table of contents screen (Wiley InterScience, viewed December 23, 2003). 311 08$a1552-4922 531 0 $aCytometry, Part A 606 $aFlow cytometry$vPeriodicals 606 $aImaging systems in biology$vPeriodicals 606 $aImaging systems in medicine$vPeriodicals 606 $aDiagnostic imaging$vPeriodicals 606 $aFlow Cytometry 606 $aDiagnostic Imaging 606 $aCytome?trie de flux$vPe?riodiques 606 $aImagerie en biologie$vPe?riodiques 606 $aImagerie me?dicale$vPe?riodiques 606 $aImagerie pour le diagnostic$vPe?riodiques 606 $aDiagnostic imaging$2fast$3(OCoLC)fst00892354 606 $aFlow cytometry$2fast$3(OCoLC)fst00927770 606 $aImaging systems in biology$2fast$3(OCoLC)fst00967624 606 $aImaging systems in medicine$2fast$3(OCoLC)fst00967628 606 $aCytome?trie$2rasuqam 606 $aCytome?trie de flux$2rasuqam 606 $aImagerie me?dicale$2rasuqam 608 $aComputer network resources. 608 $aPeriodicals.$2fast 608 $aPeriodicals.$2lcgft 608 $aRessource Internet (Descripteur de forme)$2rasuqam 608 $aPe?riodique e?lectronique (Descripteur de forme)$2rasuqam 615 0$aFlow cytometry 615 0$aImaging systems in biology 615 0$aImaging systems in medicine 615 0$aDiagnostic imaging 615 2$aFlow Cytometry. 615 2$aDiagnostic Imaging. 615 6$aCytome?trie de flux 615 6$aImagerie en biologie 615 6$aImagerie me?dicale 615 6$aImagerie pour le diagnostic 615 7$aDiagnostic imaging. 615 7$aFlow cytometry. 615 7$aImaging systems in biology. 615 7$aImaging systems in medicine. 615 7$aCytome?trie. 615 7$aCytome?trie de flux. 615 7$aImagerie me?dicale. 676 $a571.6 712 02$aInternational Society for Analytical Cytology, 801 0$bGAT 801 1$bGAT 801 2$bGUA 801 2$bOCLCQ 801 2$bNSD 801 2$bOCLCS 801 2$bMXC 801 2$bUQ1 801 2$bEEM 801 2$bOCLCQ 801 2$bCCO 801 2$bCLU 801 2$bUKMGB 801 2$bOCLCQ 801 2$bNLGGC 801 2$bOCLCQ 801 2$bOCLCF 801 2$bOCLCQ 801 2$bNLE 801 2$bOCLCA 801 2$bU3W 801 2$bOCLCO 801 2$bOCLCQ 801 2$bEZC 801 2$bOCLCO 801 2$bWYU 801 2$bVT2 801 2$bOCLCQ 801 2$bNJT 801 2$bBWN 801 2$bOCLCQ 801 2$bUBY 801 2$bOCLCQ 801 2$bUEJ 801 2$bOCLCL 801 2$bOCLCQ 906 $aJOURNAL 912 $a9910146228003321 996 $aCytometry$983498 997 $aUNINA